A premarital guide for couples and their counselors. (Record no. 14671)

000 -LEADER
fixed length control field 00563nam a2200181 a 4500
001 - CONTROL NUMBER
control field :::00012504$&:&@@
003 - CONTROL NUMBER IDENTIFIER
control field OkBaRHE
005 - DATE AND TIME OF LATEST TRANSACTION
control field 20000607103420.0
008 - FIXED-LENGTH DATA ELEMENTS--GENERAL INFORMATION
fixed length control field s1979 j 000 0 eng u
040 ## - CATALOGING SOURCE
Transcribing agency
100 1# - MAIN ENTRY--PERSONAL NAME
Personal name Thompson, David A.
245 12 - TITLE STATEMENT
Title A premarital guide for couples and their counselors.
260 ## - PUBLICATION, DISTRIBUTION, ETC. (IMPRINT)
Place of publication, distribution, etc Minneapolis, MN., :
Name of publisher, distributor, etc Bethany House Publishers
Date of publication, distribution, etc c1979
300 ## - PHYSICAL DESCRIPTION
Extent 79 p. ;
Dimensions 28 cm.
650 ## - SUBJECT ADDED ENTRY--TOPICAL TERM
Topical term or geographic name as entry element Marriage
942 ## - ADDED ENTRY ELEMENTS (KOHA)
Source of classification or shelving scheme
Koha item type Books
Copies
Damaged status Date acquired Withdrawn status Barcode Full call number Shelving location Permanent Location Koha item type Date last seen Not for loan Lost status Source of classification or shelving scheme Copy number Price effective from
 2010-04-14 12504HQ 734 .T48General StacksRHEMA Bible Training CollegeBooks2010-04-14   12010-04-14